LEADER 02020nam 2200385 450 001 000030052 005 20120516110746.0 010 $a978-88-06-18142-0$dEUR12.00 100 $a20120404d1992----km-y0itaa50------ba 101 0 $aita 102 $aIT 200 1 $aCime tempestose$fEmily Brontė$gcon un saggio di Virginia Woolf$gprefazione alla prima edizione di Charlotte Brontė 210 $aTorino$cEinaudi$d1992 215 $aXXI , 391 p.$d20 cm 225 2 $aET Classici$v85 300 $aTraduzione di Antonio Meo 330 $aHeathcliff, figlio di ignoti, č stato allevato da Earnshaw. Alla sua morte, il figlio Hindley tormenta Heathcliff che trova conforto in Catherine, sorella di Hindley, di cui si innamora. Rifiutato dalla ragazza, fugge. Tornato dopo tre anni, trova Catherine sposata a Edgar Linton di cui sposa la sorella che, per vendicarsi, maltratta. Catherine intanto muore, tormentata dal rinato amore per Heathcliff, dopo aver avuto una bambina. La rabbia di Heathcliff si scatena anche contro Hareton, il figlio di Hindley, ormai ridotto in suo potere. Heathcliff muore distrutto dal suo stesso odio. Infine la figlia di Catherine, Cathy, e Hareton potranno vivere felicemente insieme. 410 0$12001$aET Classici$v85 500 10$aWuthering Heights$91528117 676 $a823$v(22. ed.)$9Narrativa inglese 700 1$aBrontė,$bEmily$0757440 702 1$aWoolf,$bVirginia 702 1$aBronte,$bCharlotte 801 0$aIT$bUniversitą della Basilicata - B.I.A.$gREICAT$2unimarc 912 $a000030052 996 $aWuthering heights$91528117 997 $aUNIBAS BAS $aLETTERE CAT $aLCR$b01$c20120118$lBAS01$h1038 CAT $aLCR$b01$c20120119$lBAS01$h0914 CAT $aSTD080$b01$c20120404$lBAS01$h1049 CAT $aSTD079$b01$c20120412$lBAS01$h0957 CAT $aMDL$b30$c20120516$lBAS01$h1107 FMT Z30 -1$lBAS01$LBAS01$mBOOK$1BASA1$APolo Storico-Umanistico$2DID$BDidattica$3FP/110807$6110807$5L110807$820120424$f04$FPrestabile Didattica LEADER 02108nam 2200385 450 001 9910688472203321 005 20230623062413.0 035 $a(CKB)5400000000040655 035 $a(NjHacI)995400000000040655 035 $a(EXLCZ)995400000000040655 100 $a20230623d2020 uy 0 101 0 $aeng 135 $aur||||||||||| 181 $ctxt$2rdacontent 182 $cc$2rdamedia 183 $acr$2rdacarrier 200 00$aRecent trends in artificial neural networks $efrom training to prediction /$fedited by Ali Sadollah, Carlos M. Travieso-Gonza?lez 210 1$aLondon :$cIntechOpen,$d2020. 215 $a1 online resource (150 pages) 311 $a1-78985-859-3 330 $aArtificial intelligence (AI) is everywhere and it's here to stay. Most aspects of our lives are now touched by artificial intelligence in one way or another, from deciding what books or flights to buy online to whether our job applications are successful, whether we receive a bank loan, and even what treatment we receive for cancer. Artificial Neural Networks (ANNs) as a part of AI maintains the capacity to solve problems such as regression and classification with high levels of accuracy. This book aims to discuss the usage of ANNs for optimal solving of time series applications and clustering. Bounding of optimization methods particularly metaheuristics considered as global optimizers with ANNs make a strong and reliable prediction tool for handling real-life application. This book also demonstrates how different fields of studies utilize ANNs proving its wide reach and relevance. 517 $aRecent Trends in Artificial Neural Networks 606 $aNeural Networks (Computer) 606 $aNeural Networks, Computer 615 0$aNeural Networks (Computer) 615 0$aNeural Networks, Computer. 676 $a610.28563 702 $aSadollah$b Ali 702 $aTravieso-Gonza?lez$b Carlos M. 801 0$bNjHacI 801 1$bNjHacl 906 $aBOOK 912 $a9910688472203321 996 $aRecent trends in artificial neural networks$92953929 997 $aUNINA